Statistiche per Trasferimenti più costosi - Stagione 2019-2020

Clicka qui per fare il quiz!

Statistiche generali

  • Questo quiz è stato fatto 26 volte
  • Il punteggio medio è 14 su 18

Statistiche sulle risposte

Costo (M €)DaANazioneCalciatore% Corretto
86AjaxBarcellonaOlandaFrenkie de Jong
100%
127,20BenficaAtletico MadridPortogalloJoão Félix
100%
120Atletico MadridBarcellonaFranciaAntoine Griezmann
96%
115ChelseaReal MadridBelgioEden Hazard
96%
65JuventusManchester CityPortogalloJoão Cancelo
96%
85,50AjaxJuventusOlandaMatthijs de Ligt
96%
74Manchester UnitedInterBelgioRomelu Lukaku
96%
87Leicester CityManchester UnitedInghilterraHarry Maguire
83%
63Sporting LisbonaManchester UnitedPortogalloBruno Fernandes
79%
80Atletico MadridBayern MonacoFranciaLucas Hernandez
79%
50PortoReal MadirdBrasileÉder Militão
71%
63Eintracht FrancoforteReal MadridSerbiaLuka Jović
71%
80LillaArsenalCosta d'AvorioNicolas Pépé
71%
62,70Atletico MadridManchester CitySpagnaRodri
63%
60Olympique LioneTottenhamFranciaTanguy Ndombélé
63%
48Olyympique LioneReal MadridFranciaFerland Mendy
54%
55Crystal PalaceManchester UnitedInghilterraAaron Wan-Bissaka
46%
50Eintracht FrancoforteWest Ham UtdFrancia/Costa d'AvorioSèbastian Haller
25%

Distribuzione punteggi

Percentile per numero di risposta

Percentuale di utenti per punteggio

I tuoi punteggi nel tempo

Non hai fatto questo quiz